00467nam a22001457a 4500008004100000020001800041040005500059080001800114100002000132245004300152260006000195300001500255650002600270653002500296230511b |||||||| |||| 00| 0 eng d a81 7371 007 4 aNational Science LibrarycNational Science Library a92:539.1 bN4 aVenkataraman, G aBhabha and his magnificent obsessions  aHyderabad: bUniversities Press (India) Limited, c1994 aix, 209p.  aBiographical studies  aInstitution builder